[Event "NZL-ch op 126th"]
[Site "Auckland"]
[Date "2019.01.18"]
[Round "5"]
[White "Goormachtigh, Laurens"]
[Black "Jule, Alexandra"]
[Result "0-1"]
[WhiteElo "1881"]
[BlackElo "2003"]
[PlyCount "94"]
[EventDate "2019.01.14"]
[EventType "swiss"]
[EventRounds "9"]
[EventCountry "NZL"]
[SourceTitle "CBM 188 Extra"]
[Source "ChessBase"]
[SourceDate "2019.02.26"]
[SourceVersion "1"]
[SourceVersionDate "2019.02.26"]
[SourceQuality "1"]

1. e4 e6 2. d4 d5 3. e5 c5 4. c3 Qb6 5. Nf3 Nc6 6. a3 a5 7. Bd3 Bd7 8. Bc2 Nh6 9. 0-0 Rc8 10. Ra2 Qc7 11. Bd3 b6 12. Bg5 Ng8 13. Re1 g6 14. Nbd2 Bg7 15. Nf1 h6 16. Bf4 Nge7 17. Qd2 Na7 18. Ne3 cxd4 19. cxd4 Bb5 20. Bb1 Ba6 21. h4 Bc4 22. Ra1 a4 23. Ng4 Nf5 24. Bxf5 gxf5 25. Nxh6 Qe7 26. g4 Qf8 27. g5 Nc6 28. Qc3 Ne7 29. h5 Ng8 30. Nxg8 Qxg8 31. g6 Rxh5 32. gxf7+ Qxf7 33. Ng5 Qg6 34. Qg3 Bh6 35. Nf3 Qxg3+ 36. fxg3 Kd7 37. Kg2 Rg8 38. Bxh6 Rxh6 39. Rh1 Rhg6 40. Rh7+ Kc6 41. Rh3 f4 42. Rg1 fxg3 43. Rh4 Bd3 44. Ne1 Be4+ 45. Nf3 Rf8 46. Rxe4 dxe4 47. Nh4 Rf2+ 0-1

[Event "NZL-ch op 126th"]
[Site "Auckland"]
[Date "2019.01.16"]
[Round "3"]
[White "Goormachtigh, Laurens"]
[Black "Lim, Benjamin U"]
[Result "1-0"]
[WhiteElo "1881"]
[BlackElo "1926"]
[PlyCount "105"]
[EventDate "2019.01.14"]
[EventType "swiss"]
[EventRounds "9"]
[EventCountry "NZL"]
[SourceTitle "CBM 188 Extra"]
[Source "ChessBase"]
[SourceDate "2019.02.26"]
[SourceVersion "1"]
[SourceVersionDate "2019.02.26"]
[SourceQuality "1"]

1. e4 c5 2. Nf3 d6 3. d4 cxd4 4. Nxd4 Nf6 5. Nc3 a6 6. f4 Qc7 7. Bd3 Nbd7 8. a4 b6 9. 0-0 e5 10. Nf3 Bb7 11. Kh1 Be7 12. Qe1 Nc5 13. Nh4 Nxd3 14. cxd3 g6 15. Be3 Qd8 16. Nf3 exf4 17. Bxf4 0-0 18. d4 d5 19. e5 Ne4 20. Qe3 g5 21. Bg3 Nxg3+ 22. hxg3 g4 23. Ne1 Bg5 24. Qe2 Qd7 25. Nd3 Rae8 26. Nf4 Bxf4 27. gxf4 Qf5 28. g3 Re6 29. Rf2 Rc8 30. Qc2 Qxc2 31. Rxc2 b5 32. axb5 axb5 33. Ra7 Ba8 34. Rf2 b4 35. Nb5 Rec6 36. Nd6 Rf8 37. Nf5 Rc1+ 38. Kg2 b3 39. Nh6+ Kg7 40. Nxg4 Rc2 41. Rxc2 bxc2 42. Rc7 Rb8 43. Rxc2 Rb4 44. Rd2 Bc6 45. Ne3 Ba4 46. g4 Kg6 47. Kf2 Bb3 48. Kf3 Ba2 49. f5+ Kg7 50. Kf4 Rb6 51. f6+ Kg6 52. Rh2 h6 53. Nf5 1-0

[Event "Waikato op"]
[Site "Hamilton"]
[Date "2018.07.28"]
[Round "4"]
[White "Ang, Alphaeus Wei Ern"]
[Black "Goormachtigh, Laurens"]
[Result "1-0"]
[WhiteElo "2204"]
[BlackElo "1821"]
[PlyCount "87"]
[EventDate "2018.07.27"]
[EventType "swiss"]
[EventRounds "6"]
[EventCountry "NZL"]
[SourceTitle "CBM 186 Extra"]
[Source "ChessBase"]
[SourceDate "2018.08.24"]
[SourceVersion "1"]
[SourceVersionDate "2018.08.24"]
[SourceQuality "1"]

1. d4 Nf6 2. c4 c5 3. d5 b5 4. Qc2 d6 5. e4 bxc4 6. Bxc4 g6 7. Nf3 Bg7 8. h3 0-0 9. 0-0 Ba6 10. Na3 Bxc4 11. Nxc4 Nfd7 12. Bf4 Na6 13. a3 Rb8 14. Rad1 Nc7 15. e5 Nb5 16. exd6 exd6 17. a4 Qf6 18. Bg5 Nd4 19. Rxd4 Qxg5 20. Nxg5 Bxd4 21. b3 Nb6 22. Nxb6 Rxb6 23. Re1 Rfb8 24. Nf3 Bf6 25. Re3 a5 26. g4 Rb4 27. g5 Bg7 28. Qe2 Rxb3 29. Rxb3 Rxb3 30. Qe8+ Bf8 31. Ne5 dxe5 32. d6 Rxh3 33. d7 Rd3 34. d8Q Rxd8 35. Qxd8 e4 36. Qxa5 Be7 37. Qa8+ Kg7 38. Qxe4 Bxg5 39. Qe5+ Bf6 40. Qxc5 Bd8 41. Qd4+ Bf6 42. Qd3 Be7 43. a5 Kg8 44. Qd5 1-0

[Event "George Trundle Reserves"]
[Site "Auckland"]
[Date "2018.07.14"]
[Round "8"]
[White "Goormachtigh, Laurens"]
[Black "Wang, Aaron Ziwen"]
[Result "1-0"]
[WhiteElo "1821"]
[BlackElo "1573"]
[PlyCount "73"]
[EventDate "2018.07.07"]
[EventType "tourn"]
[EventRounds "9"]
[EventCountry "NZL"]
[SourceTitle "EXT 2019"]
[Source "ChessBase"]
[SourceDate "2018.10.10"]
[SourceVersion "1"]
[SourceVersionDate "2018.10.10"]
[SourceQuality "1"]

1. e4 c5 2. Nf3 d6 3. d4 cxd4 4. Nxd4 Nf6 5. Nc3 a6 6. f4 e6 7. Be3 Qb6 8. Na4 Qa5+ 9. Nc3 Nxe4 10. Nb3 Qf5 11. Nxe4 Qxe4 12. Qd2 b5 13. Be2 Qc6 14. f5 Bb7 15. fxe6 fxe6 16. Bf3 d5 17. Na5 Qd7 18. Nxb7 Qxb7 19. 0-0 Bd6 20. Bh5+ Kd8 21. Rf7 Nd7 22. Bg5+ Kc8 23. Qc3+ Bc5+ 24. Kh1 d4 25. Qh3 Qc7 26. Qxe6 Qd6 27. Bg4 Qxe6 28. Bxe6 Ra7 29. Rxg7 h6 30. Bf4 h5 31. h4 Rb7 32. a3 Re8 33. Re1 Kd8 34. Bg5+ Be7 35. Bxe7+ Rxe7 36. Rxe7 Kxe7 37. Bd5+ 1-0

[Event "George Trundle Reserves"]
[Site "Auckland"]
[Date "2018.07.10"]
[Round "4"]
[White "Gold, Hamish R"]
[Black "Goormachtigh, Laurens"]
[Result "0-1"]
[WhiteElo "1718"]
[BlackElo "1821"]
[PlyCount "98"]
[EventDate "2018.07.07"]
[EventType "tourn"]
[EventRounds "9"]
[EventCountry "NZL"]
[SourceTitle "EXT 2019"]
[Source "ChessBase"]
[SourceDate "2018.10.10"]
[SourceVersion "1"]
[SourceVersionDate "2018.10.10"]
[SourceQuality "1"]

1. e4 e5 2. d3 Nf6 3. Nd2 d5 4. Ngf3 Nc6 5. g3 dxe4 6. dxe4 Bc5 7. Bg2 0-0 8. 0-0 Bg4 9. h3 Be6 10. c3 a6 11. Qe2 Nd7 12. Nc4 b5 13. Ne3 Nb6 14. Rd1 Qc8 15. Ng5 f6 16. Nxe6 Qxe6 17. Nf5 Rad8 18. Rxd8 Rxd8 19. Qg4 Qd7 20. Bh6 g6 21. b4 Bf8 22. Bf3 Kh8 23. Bxf8 gxf5 24. exf5 Rxf8 25. Rd1 Qe8 26. Qe4 Ne7 27. g4 c6 28. Kf1 Ned5 29. Qc2 Nf4 30. h4 Qf7 31. h5 Qc4+ 32. Kg1 Nbd5 33. h6 Nxb4 34. Qd2 Nbd3 35. Qe3 Qxa2 36. Qa7 Nh3+ 37. Kg2 Qxf2+ 38. Qxf2 Nhxf2 39. Ra1 e4 40. Be2 Ra8 41. Kg3 c5 42. Kh4 b4 43. cxb4 cxb4 44. g5 fxg5+ 45. Kxg5 b3 46. f6 b2 47. Rb1 Kg8 48. Kf5 Re8 49. Bh5 Re5# 0-1

[Event "Auckland Trusts op 41st"]
[Site "Auckland"]
[Date "2018.06.03"]
[Round "4"]
[White "Shen, Terry"]
[Black "Goormachtigh, Laurens"]
[Result "1-0"]
[WhiteElo "1879"]
[BlackElo "2007"]
[PlyCount "151"]
[EventDate "2018.06.02"]
[EventType "swiss"]
[EventRounds "6"]
[EventCountry "NZL"]
[SourceTitle "EXT 2019"]
[Source "ChessBase"]
[SourceDate "2018.10.10"]
[SourceVersion "1"]
[SourceVersionDate "2018.10.10"]
[SourceQuality "1"]

1. d4 Nf6 2. Bf4 d5 3. e3 e6 4. Bd3 c5 5. c3 Nc6 6. Nf3 b6 7. Nbd2 Bb7 8. h3 Bd6 9. Ne5 Qc7 10. Ndf3 Nd7 11. Bb5 f6 12. Nxc6 Bxf4 13. exf4 a6 14. dxc5 axb5 15. Ncd4 Nxc5 16. 0-0 Kf7 17. g3 Qd7 18. Re1 Ra4 19. h4 Rha8 20. a3 Re8 21. Qe2 Ba6 22. Qc2 Ne4 23. Kg2 Rc4 24. Rad1 Bc8 25. Nb3 h6 26. Nbd2 Nxd2 27. Qxd2 Bb7 28. Kh2 Bc8 29. Qe3 Rc5 30. Qd3 g6 31. h5 gxh5 32. Qh7+ Kf8 33. Qxh6+ Qg7 34. Qxg7+ Kxg7 35. Kg2 Kf7 36. Rd4 Kg6 37. Rb4 Bd7 38. a4 bxa4 39. Rxb6 Rb5 40. Rd6 Re7 41. Re2 Kf7 42. Nd4 Rb8 43. Ra6 Rb7 44. Ra8 Kg7 45. Nf5+ Kf7 46. Nd6+ Kg7 47. Nxb7 Bc6 48. Ra6 Bxb7 49. Rxa4 d4+ 50. Kh3 d3 51. Rd2 Rd7 52. Kh4 Kg6 53. Ra7 e5 54. fxe5 fxe5 55. Rxd3 Rxd3 56. Rxb7 Rd2 57. g4 hxg4 58. Kxg4 Rxf2 59. Rb6+ Kf7 60. Kg3 Rf5 61. c4 e4 62. Rb3 Ke6 63. Kg2 Kd6 64. Rb6+ Kd7 65. Rh6 e3 66. b3 e2 67. Rh1 Kc6 68. Re1 Kc5 69. Rxe2 Kb4 70. Re3 Kc5 71. Rf3 Re5 72. Kf2 Kd4 73. Rg3 Re4 74. Rg8 Kc3 75. Rb8 Kd2 76. Kf3 1-0